North America Coat of Arms Map Quiz - Statistics

General Stats
  • This quiz has been taken 100 times
  • The average score is 15 of 23
Answers on the Map
Answers color-coded by a green-red scale on the quiz's map according to % correct below.
 
Answer Stats
Answer % Correct
Mexico
94%
United States
93%
Canada
87%
Nicaragua
81%
Belize
79%
Guatemala
76%
Dominican Republic
76%
Haiti
76%
El Salvador
73%
Panama
72%
Cuba
69%
Costa Rica
69%
Honduras
64%
Bahamas
63%
Trinidad and Tobago
63%
Jamaica
61%
Antigua and Barbuda
46%
Barbados
46%
Grenada
42%
Dominica
42%
Saint Lucia
42%
Saint Vincent and the Grenadines
39%
Saint Kitts and Nevis
34%
No matching quizzes found
Score Distribution
Percent of People with Each Score
Percentile by Number Answered
Your Score History
You have not taken this quiz